Najwieksze miasta w Niemczech A-Z - Statystyki

Ogólne statystyki
  • Ten quiz został rozwiązany 24 razy
  • Średni wynik to 9 z 15
Statystyki odpowiedzi
Ludność Miasto % Poprawnych
3 669 491 Berlin
100%
1 847 253 Hamburg
90%
763 380 Frankfurt
85%
1 484 226 Monachium
75%
588 250 Dortmund
70%
1 087 863 Kolonia
70%
556 780 Drezno
65%
593 145 Lipsk
65%
635 911 Stuttgart
65%
621 877 Düsseldorf
60%
582 760 Essen
55%
536 925 Hanower
45%
518 370 Norymberga
45%
567 559 Brema
35%
498 686 Duisburg
20%
Nie znaleziono quizów pasujących do podanych kryteriów
Rozkład punktacji
Procent ludzi z każdym wynikiem
Percentyl według liczby udzielonych odpowiedzi
Twoja historia wyników
Nie rozwiązałeś tego quizu